| 000 | 00763nam a22002297a 4500 | ||
|---|---|---|---|
| 005 | 20240423103200.0 | ||
| 008 | 240423b ||||| |||| 00| 0 eng d | ||
| 020 | _a9781885923448 | ||
| 040 | _aBSOP | ||
| 050 |
_aPJ3126.B5 _bAs8 2007 |
||
| 245 |
_aStudies presented to Robert D, Biggs : _bJune 4, 2004 / _cedited by Martha T. Roth, ...[et al.]. |
||
| 260 |
_aChicago : _bOriental Institute of the University of Chicago, _cc2007. |
||
| 300 |
_aliv, 362p. : _bills. ; _c23cm. |
||
| 440 |
_aAssyriology Studies _vVolume 2 |
||
| 504 | _aIncludes bibliographical references | ||
| 650 | _aAkkadian philology | ||
| 700 | _aRoth, Martha T. | ||
| 700 | _aFarber, Walter | ||
| 700 | _aStolper, Matthew W. | ||
| 700 | _aBechtolsheim, Paula von | ||
| 942 |
_2lcc _cBK |
||
| 999 |
_c52660 _d52660 |
||